000 00338cam a22001217a 4500
008 180718b1957 xxu||||| |||| 00| 0 eng d
082 _aR7x42 J276
100 _aJaques, E.
245 _aChanging culture of a factory
_cby E. Jaques
260 _aLondon
_bTevistock Publications
_c1957
300 _a341p.
650 _aLabour Relations - U.K.
999 _c370778
_d370778